Normal view
MARC view
- تأليف تيمور، أحمد ؛ إعداد وتحقيق نصار، حسين
Entry Personal Name
001 - CONTROL NUMBER
- control field: 7864
003 - CONTROL NUMBER IDENTIFIER
- control field: JO-AjAnu
005 - DATE AND TIME OF LATEST TRANSACTION
- control field: 20230606071554.0
008 - FIXED-LENGTH DATA ELEMENTS
- fixed length control field: 230606|| aca||aabn | a|a d
040 ## - CATALOGING SOURCE
- Original cataloging agency: JO-AjAnu
- Transcribing agency: JO-AjAnu
100 ## - HEADING--PERSONAL NAME
- Personal name: تأليف تيمور، أحمد ؛ إعداد وتحقيق نصار، حسين
670 ## - SOURCE DATA FOUND
- Source citation: Work cat.: (JO-AjAnu)4063: تأليف تيمور، أحمد ؛ إعداد وتحقيق نصار، حسين , author, معجم تيمور الكبير في الألفاظ العامية (الجيم - الراء)، ج3